THE TABAQAT-I-AKBARI: (Record no. 152106)

MARC details
000 -LEADER
fixed length control field 00734nam a22002297a 4500
005 - DATE AND TIME OF LATEST TRANSACTION
control field 20240910143208.0
010 ## - LCCN (DPL NO)
LC control number ENG-123040 ENG-141715
020 ## - INTERNATIONAL STANDARD BOOK NUMBER
International Standard Book Number 9789381574331
Terms of availability 1500.00
035 ## - SYSTEM CONTROL NUMBER
System control number EN-106572
035 ## - SYSTEM CONTROL NUMBER
System control number EN-125247
037 ## - SOURCE OF ACQUISITION
Source of stock number/acquisition DBAD/PUB
082 ## - DEWEY DECIMAL CLASSIFICATION NUMBER
Classification number 954.02
245 ## - TITLE STATEMENT
Title THE TABAQAT-I-AKBARI:
Remainder of title Of Khwajah Nizamuddin Ahmad /
Statement of responsibility, etc Transalted. by B.DE
260 ## - PUBLICATION, DISTRIBUTION, ETC. (IMPRINT)
Place of publication, distribution, etc Kolkata
Name of publisher, distributor, etc The Asiatic Society
Date of publication, distribution, etc 2011
270 ## - ADDRESS
Address 1 Park Street
City Kolkata
Postal code 700016
300 ## - PHYSICAL DESCRIPTION
Extent vol. I & II (xvii, 840p)
Dimensions 24cm(Hb)
300 ## - PHYSICAL DESCRIPTION
Extent 921p.
Dimensions 24cm(Hb)
490 ## - SERIES STATEMENT
Series statement Bibliotheca indica series no. 225
Volume number/sequential designation Vol 1,Vol 2 Vol 3
500 ## - GENERAL NOTE
General note It include index
700 ## - ADDED ENTRY--PERSONAL NAME
Personal name B.DE
Relator term Transalted
9 (RLIN) 71406
942 ## - ADDED ENTRY ELEMENTS (KOHA)
Source of classification or shelving scheme Dewey Decimal Classification
Item type English Books
Classification part 954.02
Call number suffix TAB
Holdings
Withdrawn status Lost status Not for loan Collection code Home library Current library Date acquired Source of acquisition Cost, normal purchase price Full call number Barcode Copy number Cost, replacement price Koha item type Materials specified (bound volume or other part)
      Non-fiction Patel Nagar Patel Nagar 16/05/2018 DBAD/PUB 1500.00 954.02 TAB EN-106572 1 1500.00 English Books  
      Non-fiction Patel Nagar Patel Nagar 10/09/2024 Delivery of Books Act Division 500.00 954.02 TAB EN-125247 1 500.00 English Books VOL 3

© Delhi Public Library
Hit Counter
free hit counter